| 000 | 01193nam a22003017a 4500 | ||
|---|---|---|---|
| 999 |
_c12777 _d12777 |
||
| 003 | EG-ScBUE | ||
| 005 | 20210214134600.0 | ||
| 008 | 090910s2005 ua f b 000 0 Aara d | ||
| 017 | _a2005/16166 | ||
| 040 |
_aEG-ScBUE _bara _erda _cEG-ScBUE _dEG-ScBUE |
||
| 082 | 0 | 4 |
_a892.736 _bش و ا _222 |
| 100 | 1 |
_98786 _aالشوابكة، سمية، _eمؤلف. |
|
| 245 | 1 | 2 |
_a(2002-1972) التراث والبناء الفني في أعمال محمد جبريل الروائية : _bدراسة نقدية / _cد. سمية الشوابكة. |
| 250 | _aالطبعة الأولى. | ||
| 264 | 1 |
_aالقاهرة : _bالهيئة العامة لقصور الثقافة، _c2005. |
|
| 300 |
_a510 صفحة ؛ _c19 سم. |
||
| 336 |
_2rdacontent _aنص _btxt |
||
| 337 |
_2rdamedia _aبدون وسيط _bn |
||
| 338 |
_2rdacarrier _aمجلد _bnc |
||
| 490 | 0 | _aإصدارات خاصة | |
| 504 | _aيشتمل على إرجاعات ببليوجرافية. | ||
| 600 | 1 | 7 |
_aجبريل، محمد، _d1938- |
| 650 | 7 |
_98791 _aالقصة العربية _xتاريخ ونقد _zمصر. _2BUEsh |
|
| 651 | _2BUEsh | ||
| 653 |
_bARALIT _cFebruary2021 |
||
| 655 |
_vReading book _934232 |
||
| 942 |
_2ddc _cBB |
||